000 00746nam a2200289Ia 4500
005 20260324122622.0
008 008 260324s9999 xx 000 0 eng d
020 _a9780203077535
037 _aEBOOK
040 _aCRL
040 _beng
040 _cCRL
041 _2eng
041 _aeng
084 _qCRL
100 _aLoretta Baldassar; Laura Merla
_91167150
245 0 _aTransnational Families, Migration and the Circulation of Care
245 0 _bUnderstanding Mobility and Absence in Family Life
260 _bTaylor and Francis
260 _c2013
365 _a
365 _b240
856 _uhttp://www.taylorfrancis.com/books/9780203077535
942 _cEBOOK
999 _c1760030
_d1760030